书目信息 |
| 题名: |
隋唐史话
|
|
| 作者: | 乌廷玉 著 | |
| 分册: | ||
| 出版信息: | 北京 中国国际广播出版社 2007 |
|
| 页数: | 324页 | |
| 开本: | 23cm | |
| 丛书名: | ||
| 单 册: | ||
| 中图分类: | K241.09 | |
| 科图分类: | ||
| 主题词: | 隋唐时代--历史--通俗读物 | |
| 电子资源: | ||
| ISBN: | 978-7-5078-2768-2 | |
| 000 | 00707n|m0 2200217 450 | |
| 001 | 1552288059 | |
| 005 | 20150116143202.70 | |
| 010 | @a978-7-5078-2768-2@dCNY25.00 | |
| 100 | @a20070327d2007 em y0chiy50 ea | |
| 101 | 0 | @achi |
| 102 | @aCN@b110000 | |
| 105 | @ay z 000yy | |
| 200 | 1 | @a隋唐史话@9sui tang shi hua@f乌廷玉著 |
| 210 | @a北京@c中国国际广播出版社@d2007 | |
| 215 | @a324页@c图,地图@d23cm | |
| 330 | @a本书详细介绍了隋唐时期的重大事件、经济发展、民族关系、中外交流、社会生活、哲学思想、文学艺术、科技发展等。 | |
| 606 | 0 | @a隋唐时代@x历史@j通俗读物 |
| 690 | @aK241.09@v5 | |
| 701 | 0 | @c(满)@a乌廷玉@9wu ting yu@f(1919~)@4著 |
| 801 | 0 | @aCN@bTSSF@c20150115 |
| 905 | @aZUCC@dK241.09@eJY91 | |
| 隋唐史话/乌廷玉著.-北京:中国国际广播出版社,2007 |
| 324页:图,地图;23cm |
| ISBN 978-7-5078-2768-2:CNY25.00 |
| 本书详细介绍了隋唐时期的重大事件、经济发展、民族关系、中外交流、社会生活、哲学思想、文学艺术、科技发展等。 |
| ● |
| 相关链接 |
|
|
|
|
正题名:隋唐史话
索取号:K241.09/JY91
 
预约/预借
| 序号 | 登录号 | 条形码 | 馆藏地/架位号 | 状态 | 备注 |
| 1 | 7851109 | 278511095 | 学院路分馆/ [索取号:K241.09/JY91] | 在馆 | |
| 2 | 7851110 | 278511102 | 学院路分馆/ [索取号:K241.09/JY91] | 在馆 |